LEADER 01036nam a2200205 i 4500 001 000000223408 003 CaOOAMICUS 005 20131011000000.0 008 131011s2011 it u000 u ita u 013 $a202305 040 $aSeMil$bita 245 10$aAfricae Munus /$cEsortazione Apostolica Postsinodale del Santo Padre Benedetto 16. all'Episcopato, al Clero, alle Persone Consacrate e ai Fedeli Laici sulla Chiesa in Africa al servizio della riconciliazione, della giustizia e della pace. 260 $aCittą del Vaticano :$bLibreria Editrice Vaticana,$c2011. 300 $a135 p. ;$c23 cm. 650 4$aBenedetto XVI - Esortazioni apostoliche . Africae Munus.$0(OLS)http://semarc/subject/40209 850 $aSeMil 852 $aSeMil$W1$xVenegono$y1$m5D VII 24/1$j173754$B173754$CSeMilBibl$Z2$F184045 $81 961 $aOmaggio: Delpini mons. Mario 996 $6245$aAfricae Munus$9(OLS)http://semarc/title/310596 996 $6260$aCittą del Vaticano :$bLibreria Editrice Vaticana$9(OLS)http://semarc/publisher/29734 LEADER 00588nas a2200169 i 4500 001 000000021704 003 CaOOAMICUS 005 20190121093624.0 008 180830s2008 it u0 ita u 040 $aSeMil$bita 245 10$aFormazione e teologia. 260 $aTrapani :$bIl pozzo di Giacobbe,$c2008. 300 $av. ;$c22 cm. 700 1 $aTorcivia, Carmelo,$c.$0(OLS)http://semarc/name/9716 996 $6245$aFormazione e teologia$9(OLS)http://semarc/title/28784 996 $6260$aTrapani :$bIl pozzo di Giacobbe$9(OLS)http://semarc/publisher/31941